| 000 | 00545nam a2200181Ia 4500 | ||
|---|---|---|---|
| 003 | OSt | ||
| 005 | 20260326151610.0 | ||
| 008 | 211028s2009 xx 000 0 und d | ||
| 040 | _cAIMIT LIBRARY | ||
| 041 | _aeng | ||
| 082 | _a658.8 QUAC | ||
| 100 |
_aQuadros, Candida A;Achar, Sumitha. _g716008 _96049 |
||
| 245 | _aAnalysis of the investment pattern of investors in shares/ stock market at sharekhan limited, Mangalore / | ||
| 260 |
_bAchar, Sumitha _c2009 |
||
| 600 |
_aMarketing _96050 |
||
| 650 |
_aMarketing _96051 |
||
| 942 |
_2ddc _cPRO |
||
| 999 |
_c218108 _d218108 |
||